1209 1736 1235 1268 1277 1399 1663 1240 1592 1737 1679 1222 1277 1988 1327 1085 1416 1338 1202 1972 1252 1018 1198 1841 1250 1987 1508 1411 1232 1107 1936 1096 1014 1002 1041 1697 1345 1209 1975 1332 1629 1153 1528 1922 1963 1321 1223 1249 1852 1455 1226 1187 1868 1113 1448 1066 1766 1213 1785 1054 1164 1645 1793 1625 1145 1537 1231 1943 1122 1941 1503 1646 1227 1562 1994 1760 1993 1545 1298 1429 1248 1816 1692 1579 1815 1383 1527 1586 1889 1767 1766 1039 1931 1544 1753 1673 1940 1482 1246 BCNSPRNW ULIB Ver.6.0+V

เปลี่ยนเป็นภาษาไทย

Change to English
 แสดงรายละเอียดบรรณานุกรม
  กลับหน้าหลัก

Brief Record : Get Marc (ISO 2709) : E-mail record : QR code < ปิดหน้าต่าง
LEADER : 00000nam 2200000uu 4500
001    13399120723
003     ULIB
008    121005s2552||||th 000 0 tha d
020    ^a9786167098098
060 04 ^aWJ300^bพ199ต
100 0  ^aพนิดา กุลประสูติดิลก
245 00 ^aไตวายการควบคุม ดูแลรักษา และการป้องกัน/^cพนิดา กุลประสูติดิลก
260    ^aกรุงเทพฯ :^bFeel Good Publishing,^c2552
300    ^a150 หน้า
650  7 ^aไตวาย
945    ^p150^l0^i16855
945    ^p150^l0^i16856
995    ^aวิภา
999 ^a ใช้งานได้ทุกระบบ
รายการนี้ยังไม่มีแท็ก
คุณยังไม่ได้ล็อกอิน คุณสามารถมีกิจกรรมร่วมกับเว็บไซต์ได้ แต่ต้องล็อกอินก่อน ::
  ล็อกอิน

รายการสื่อสารสนเทศ

ลำดับที่ ประเภท เลขเรียก/บาร์โค้ด สถานที่ สถานะ
1. วิทยาศาสตร์การแพทย์ และสุขภาพ
วิทยาศาสตร์การแพทย์ และสุขภาพ
WJ300 พ199ต  
  Barcode: 16855
ห้องสมุดวิทยาเขตสวรรค์ประชารักษ์
►หนังสือทั่วไป
บนชั้น
2. วิทยาศาสตร์การแพทย์ และสุขภาพ
วิทยาศาสตร์การแพทย์ และสุขภาพ
WJ300 พ199ต ฉ.2 
  Barcode: 16856
ห้องสมุดวิทยาเขตสวรรค์ประชารักษ์
►หนังสือทั่วไป
บนชั้น

รายการใกล้เคียง
    ผู้แต่ง [พนิดา กุลประสูติดิลก]

    หัวเรื่อง [ไตวาย]

BibComment


ยังไม่เคยถูกคอมเมนท์

คอมเมนท์ทรัพยากรรายการนี้
  คอมเมนท์: ไตวายการควบคุม ด..


 Copyright 2026. Bcnsprnw @Library